[Event "Schleswig Holstein-ch U16 VM"]
[Site "Neumuenster"]
[Date "2008.03.26"]
[Round "4"]
[White "Ulbricht, Christoph"]
[Black "Adamovski, Constantin"]
[Result "1/2-1/2"]
[WhiteElo "1348"]
[BlackElo "1494"]
[PlyCount "43"]
[EventDate "2008.03.24"]
[EventType "swiss"]
[EventRounds "9"]
[EventCountry "GER"]
[SourceTitle "EXT 2009"]
[Source "ChessBase"]
[SourceDate "2008.11.26"]
[SourceVersion "1"]
[SourceVersionDate "2008.11.26"]
[SourceQuality "1"]

1. e4 Nf6 2. e5 Nd5 3. d4 d6 4. c4 Nb6 5. Nf3 Bg4 6. exd6 cxd6 7. Be2 e6 8. 0-0 Be7 9. h3 Bh5 10. Nc3 0-0 11. b3 N8d7 12. Bb2 a6 13. d5 Qc7 14. Rc1 e5 15. Ne4 Bxf3 16. Bxf3 f5 17. Nd2 Nc5 18. Be2 Bg5 19. Rc2 Rae8 20. Ba3 Be7 21. f4 e4 22. Nb1 1/2-1/2

[Event "Schleswig Holstein-ch U16 VM"]
[Site "Neumuenster"]
[Date "2008.03.25"]
[Round "2"]
[White "Chen, Daniel"]
[Black "Ulbricht, Christoph"]
[Result "0-1"]
[WhiteElo "968"]
[BlackElo "1348"]
[PlyCount "64"]
[EventDate "2008.03.24"]
[EventType "swiss"]
[EventRounds "9"]
[EventCountry "GER"]
[SourceTitle "EXT 2009"]
[Source "ChessBase"]
[SourceDate "2008.11.26"]
[SourceVersion "1"]
[SourceVersionDate "2008.11.26"]
[SourceQuality "1"]

1. e4 c6 2. Nf3 g6 3. Bc4 d5 4. exd5 cxd5 5. Bb5+ Nc6 6. d3 Bg4 7. Nbd2 Bg7 8. h3 Bxf3 9. Nxf3 Qa5+ 10. Bd2 Qxb5 11. Bc3 d4 12. Bd2 Nf6 13. b3 0-0 14. a4 Qd5 15. h4 Qe6+ 16. Kf1 h5 17. Ng5 Qf5 18. g4 Nxg4 19. Qe2 e5 20. Re1 Ne7 21. f3 Nf6 22. c3 Ned5 23. cxd4 exd4 24. Ne4 Nf4 25. Bxf4 Qxf4 26. Nxf6+ Bxf6 27. Qf2 Rfe8 28. Rxe8+ Rxe8 29. a5 Qe3 30. Qg3 Qxd3+ 31. Kg2 Re2+ 32. Kh3 Qf5+ 0-1

[Event "Schleswig Holstein-ch U12"]
[Site "Neumuenster"]
[Date "2004.03.22"]
[Round "3"]
[White "Liebl, Patrick"]
[Black "Ulbricht, Christoph"]
[Result "1/2-1/2"]
[WhiteElo "1185"]
[BlackElo "1001"]
[PlyCount "48"]
[EventDate "2004.03.20"]
[EventType "swiss"]
[EventRounds "11"]
[EventCountry "GER"]
[SourceTitle "EXT 2006"]
[Source "ChessBase"]
[SourceDate "2005.11.24"]
[SourceVersion "1"]
[SourceVersionDate "2005.11.24"]
[SourceQuality "1"]

1. e4 e5 2. Nf3 Nf6 3. Nc3 Nc6 4. Bc4 Qe7 5. d3 d6 6. Be3 Be6 7. 0-0 0-0-0 8. d4 Bxc4 9. Re1 Ng4 10. b3 Ba6 11. d5 Nb8 12. Bxa7 b6 13. Bxb8 Kxb8 14. h3 Nf6 15. a4 Bb7 16. Nb5 c6 17. dxc6 Bxc6 18. Qd3 Bxb5 19. axb5 d5 20. Rad1 Kc8 21. exd5 Nxd5 22. Qc4+ Qc5 23. Rxe5 Qxc4 24. bxc4 Nc3 1/2-1/2